01113nam a2200325Ia 450000500170000000800370001702000180005404100080007210000320008024500840011225000180019630000250021449000250023950000550026465000390031965000410035865000400039965000320043965000350047165000340050665000340054094200150057426400490058933600270063833700330066533800280069804000350072608400110076199900150077220220317001749.0170328s2009 a g 000 p s a9789871556205 aspa1 aBiagioni, Ameliad1916-200010aPoesía completacAmelia Biagioni ; edición al cuidado de Valeria Melchiorre a1a. edición a591 páginasc23 cm aLa lengua / poesía aIncluye datos biográficos de la autora en solapa142LEMBaPoesía argentinaySiglo XX142LEMBaLiteratura argentinaySiglo XX142LEMBaSentimientos en la literatura142LEMBaAmor en la literatura142LEMBaSoledad en la literatura142LEMBaMuerte en la literatura142LEMBaAmistad e la literatura 2loccBKLIT aBuenos AiresbAdriana Hidalgo editoracc2009 atextobtxt2rdacontent asin mediaciónbn2rdamedia avolumenbnc2rdacarrier aCO-BoRNBPbspaerdacCO-BoRNBP aP BIA3 c8015d8015